000
00315 a2200109 4500
001
ART_10388
005
20260410161732.0
008
260409a
245
1
0
_a
Mercado de capitales argentino
100
1
_a
Berardi, Jorge
773
0
_t
Ejecutivos de finanzas
_g
- Año 3, Nº 24 (dic. 1985)
_w
REV2863
999
_c
17906
_d
17906